00679nam a2200217 a 450000100060000000300080000600500170001400800410003103500190007204000270009104100080011808200250012610000250015124500760017626000520025230000250030450000860032965000100041565000210042565000150044659234BD-RjUL20211209080716.0161222s1948 ilu 001 0 eng  a(BD-RjUL)59358 aDLCcWSUdBD-RjULbeng aeng a320.15223bGRP 19481 aGrazia, Sebastian De14aThe political community :ba study of anomie /cby Sebastian De Grazia. aChicago :bUniversity of Chicago Press,cc1948. axx, 258 p. ;c24 cm. aBibliographical references included in "Notes" (p. [193]-242) - Includes indexes. 0aAnomy 0aBelief and doubt 0aState, The